| Поле | Инд. | ПП | Название | Значение |
|---|---|---|---|---|
| Тип записи | a | |||
| Библиографический уровень | m | |||
| 001 | Контрольный номер | e9d22524256d4a539f41da55a5d35d12 | ||
| 005 | Дата корректировки | 20191113121511.0 | ||
| 024 | 80 | a | Стандартный номер | 10.02.20 |
| 040 | a | Служба первич. каталог. | НБ ТвГУ | |
| b | Код языка каталог. | rus | ||
| e | Правила каталог. | PSBO | ||
| 041 | 0_ | a | Код языка текста | rus |
| 080 | a | Индекс УДК | 81'373=111=133.1(043.3) | |
| 084 | a | Индекс другой классификации/Индекс ББК | Ш105.36я031 | |
| 090 | a | Полочн. индекс | Ш105.36 | |
| x | Авторский знак | Д 34 | ||
| 097 | b | Оператор | Semenova.ZR | |
| 100 | 1_ | a | Автор | Деньгина Анна Владимировна |
| 245 | 10 | a | Заглавие | Фразеологические единицы с компонентом религионимом в английском и французском языках |
| b | Продолж. заглавия | автореферат диссертации ... кандидата филологических наук : 10.02.20 - Сравнительно-историческое, типологическое и сопоставительное языкознание | ||
| c | Ответственность | науч. рук. Е. Ф. Арсентьева ; оппоненты: В. Б. Медведев, Ю. Ю. Липатова | ||
| 260 | c | Дата издания | 2019 | |
| a | Место издания | Казань | ||
| b | Издательство | б. и. | ||
| 300 | a | Объем | 18 с. | |
| 500 | a | Примечание | На правах рукописи | |
| 502 | a | Примечание о диссертации | Защищена 7.07.2019 | |
| 653 | 0_ | a | Ключевые слова | Лексикология |
| a | Ключевые слова | Лексика | ||
| a | Ключевые слова | Лексическая семантика | ||
| a | Ключевые слова | Фразеология | ||
| a | Ключевые слова | Фразеологизмы | ||
| a | Ключевые слова | Религиозные фразеологизмы | ||
| a | Ключевые слова | Религионимы | ||
| a | Ключевые слова | Сравнительное языкознание | ||
| a | Ключевые слова | Сопоставительное языкознание | ||
| a | Ключевые слова | Английский язык | ||
| a | Ключевые слова | Французский язык | ||
| a | Ключевые слова | Кандидатские диссертации | ||
| a | Ключевые слова | Авторефераты | ||
| 700 | 12 | a | Другие авторы | Арсентьева Елена Фридриховна |
| e | Роль лиц | Научный руководитель | ||
| 700 | 12 | a | Другие авторы | Медведев Владимир Борисович |
| e | Роль лиц | Оппонент | ||
| 700 | 12 | a | Другие авторы | Липатова Юлия Юлрьевна |
| e | Роль лиц | Оппонент | ||
| 710 | 12 | a | Организация/ юрисдикция | Казанский (Приволжский) федеральный университет |
| e | Роль коллектива | место выполнения работы | ||
| 710 | 12 | a | Организация/ юрисдикция | Казанский государственный энергетический университет |
| e | Роль коллектива | ведущая организация | ||
| 710 | 12 | a | Организация/ юрисдикция | Казанский (Приволжский) федеральный университет |
| e | Роль коллектива | место защиты | ||
| 901 | t | Тип документа | d | |
| 920 | a | Оператор | Семен | |
| a | Оператор | Рунт | ||
| a | Оператор | Стро | ||
| 930 | a | Новая/Ретро | новая | |
| 952 | c | Вид литературы | А/Р н | |
| 954 | b | Дата поступления в ОК | 20191007 | |
| a | Дата поступления на обработку | 20191015 | ||
| c | Дата окончания ОНО | 20191113 |